[Event "39th Olympiad Women"]
[Site "Khanty-Mansiysk RUS"]
[Date "2010.10.03"]
[Round "11"]
[White "Ptacnikova, Lenka"]
[Black "Richards, Deborah"]
[Result "1-0"]
[WhiteTitle "WGM"]
[BlackTitle "WFM"]
[WhiteElo "2282"]
[BlackElo "2003"]
[Board "35.1"]
[WhiteTeam "ISL"]
[BlackTeam "JAM"]
[WhiteFideId "305650"]
[BlackFideId "7400446"]
[EventDate "2010.09.21"]
[EventType "team"]

1. e4 c5 2. Nc3 Nc6 3. g3 d6 4. Bg2 g6 5. Nge2 Bg7 6. d3 e6 7. O-O Nge7 8. Bg5
h6 9. Be3 O-O 10. d4 cxd4 11. Nxd4 a6 12. Qd2 Kh7 13. Rad1 Ne5 14. Qe2 Qc7 15.
Rfe1 Rb8 16. a4 Nc4 17. Bc1 Qc5 18. Qd3 Ne5 19. Qe2 Nc4 20. Nb3 Qb4 21. Qd3 Rd8
22. Bf1 Ne5 23. Qe2 N7c6 24. Bd2 Qb6 25. Be3 Qc7 26. f4 Nd7 27. Qc4 Nb6 28. Qe2
Nd7 29. Bg2 b6 30. Qc4 Bb7 31. Rd2 Nc5 32. Red1 Rbc8 33. Nxc5 dxc5 34. e5 Rxd2
35. Rxd2 Rd8 36. Qe2 Rxd2 37. Qxd2 Qd8 38. Qxd8 Nxd8 39. a5 Bxg2 40. Kxg2 bxa5
41. Bxc5 Nb7 42. Be7 Kg8 43. Ne4 Bf8 44. Nf6+ Kg7 45. Ne8+ Kg8 46. Bf6 a4 47.
Nc7 a5 48. Nb5 Bc5 49. Kf3 Kf8 50. g4 Ke8 51. Bg7 h5 52. gxh5 gxh5 53. Bf6 Kd7
54. Kg3 Kc6 55. Nc3 a3 56. bxa3 Bxa3 57. Kh4 Bf8 58. Kxh5 Kc5 59. Kg5 Kc4 60.
Na2 Nc5 61. Bd8 Ne4+ 62. Kg4 a4 63. Ba5 Kd4 64. Kf3 Nc5 65. h4 Kc4 66. h5 Bh6
67. Bd8 Nb3 68. Bg5 Nd4+ 69. Ke4 Nf5 70. Kf3 Bf8 71. Kf2 Kd4 72. Kf3 a3 73. Bd8
Kc4 74. Bb6 Nd4+ 75. Kg4 Bh6 76. Bd8 Nxc2 77. Be7 Kb3 78. Nc1+ Kc3 79. Kf3 Nb4
80. Ke4 a2 81. Bxb4+ Kxb4 82. Nxa2+ Kc4 83. Nc1 Kc5 84. Nd3+ Kc6 85. Nf2 Kd7 86.
Ng4 Bg7 87. h6 Bh8 88. Kf3 Ke7 89. Kg3 f5 90. exf6+ Bxf6 91. Nxf6 Kxf6 92. Kf3
Kg6 93. Ke4 1-0

[Event "39th Olympiad Women"]
[Site "Khanty-Mansiysk RUS"]
[Date "2010.10.03"]
[Round "11"]
[White "Abarca Gonzalez, Damaris"]
[Black "Nasriddinzoda, Marvorii"]
[Result "0-1"]
[WhiteElo "1991"]
[BlackElo "1943"]
[Board "37.1"]
[WhiteTeam "CHI"]
[BlackTeam "TJK"]
[WhiteFideId "3409414"]
[BlackFideId "14700395"]
[EventDate "2010.09.21"]
[EventType "team"]

1. d4 d6 2. Nf3 Bg4 3. Nbd2 Nd7 4. c3 c6 5. h3 Bh5 6. e4 e5 7. dxe5 dxe5 8. Qc2
Ngf6 9. Be2 Be7 10. Nf1 Bxf3 11. gxf3 Qc7 12. Ng3 g6 13. Bh6 Bf8 14. Be3 Bc5 15.
Bh6 Bf8 16. Bd2 h5 17. h4 Nh7 18. b4 Be7 19. Qb3 Bf6 20. a4 Nhf8 21. a5 Ne6 22.
Bc4 Ndf8 23. Be3 a6 24. Bb6 Qe7 25. Rd1 Bxh4 26. Nf5 gxf5 27. exf5 Nf4 28. Kf1
Bg5 29. Rg1 Bh6 30. Qc2 Nd7 31. Bc7 Rc8 32. Bd6 Qf6 33. Qe4 Bf8 34. Bxf8 Rxf8
35. Bb3 Qe7 36. c4 Qxb4 37. Bc2 Qe7 38. Qe3 Rd8 39. Ke1 Qb4+ 40. Kf1 Qxc4+ 0-1

[Event "39th Olympiad Women"]
[Site "Khanty-Mansiysk RUS"]
[Date "2010.10.03"]
[Round "11"]
[White "Antonova, Nadezhda"]
[Black "Toro Pradenas, Maria Jose"]
[Result "0-1"]
[BlackTitle "WFM"]
[WhiteElo "1838"]
[BlackElo "1951"]
[Board "37.2"]
[WhiteTeam "TJK"]
[BlackTeam "CHI"]
[WhiteFideId "14700182"]
[BlackFideId "3412610"]
[EventDate "2010.09.21"]
[EventType "team"]

1. Nf3 d5 2. b3 c5 3. Bb2 e6 4. e3 Nf6 5. Be2 b6 6. O-O Be7 7. Ne5 O-O 8. f4 Bb7
9. d3 Nc6 10. Nd2 Rc8 11. a4 d4 12. Nxc6 Bxc6 13. e4 Qc7 14. Qe1 Ne8 15. Bg4 Nd6
16. Qg3 f5 17. Bh3 Rcd8 18. Rae1 Qb7 19. Qf3 Kh8 20. Qe2 fxe4 21. dxe4 e5 22.
fxe5 Rxf1+ 23. Kxf1 Nf7 24. Nf3 Ng5 25. Nxg5 Bxg5 26. Kg1 Be3+ 27. Kh1 Bxe4 28.
Rf1 Qe7 29. e6 Rf8 30. Bg4 Rxf1+ 31. Qxf1 Bxc2 32. Qf7 Bg5 33. Bc1 Qxf7 34. exf7
Be7 35. Bg5 Bf8 36. Be6 h6 37. Bf4 Kh7 38. Kg1 Kg6 39. Kf2 Bd3 40. Be5 a6 41.
Ke1 b5 42. Kd2 Bf5 43. Bd5 Bd7 44. axb5 axb5 45. Bc7 Kf6 46. Bd8+ Ke5 47. Bf3
Be6 48. Bc6 b4 49. Bc7+ Kf6 50. Ba4 Bxf7 51. g3 Ke6 52. Bc6 Bd6 53. Bb6 Ke5 54.
Kc2 Bg6+ 55. Kd2 Be4 56. Bd7 Bd5 57. Kc2 Ke4 58. Bb5 Ke3 59. Bd8 Be4+ 60. Kd1 d3
61. Bc4 Bf3+ 0-1

[Event "39th Olympiad Women"]
[Site "Khanty-Mansiysk RUS"]
[Date "2010.10.03"]
[Round "11"]
[White "Muhtojzoda, Asila"]
[Black "Cortes Arias, Mariela"]
[Result "0-1"]
[WhiteElo "1696"]
[BlackElo "1772"]
[Board "37.4"]
[WhiteTeam "TJK"]
[BlackTeam "CHI"]
[WhiteFideId "14700263"]
[BlackFideId "3405478"]
[EventDate "2010.09.21"]
[EventType "team"]

1. f4 e5 2. fxe5 d6 3. exd6 Bxd6 4. Nf3 Nf6 5. b3 Ng4 6. Bb2 Nxh2 7. e3 Bg3+ 8.
Ke2 Bg4 9. d3 Qd5 10. Nd2 Nc6 11. Bxg7 Rg8 12. Ne4 O-O-O 13. Bb2 Qf5 14. Nd2 Nb4
15. Qb1 Rge8 16. Rxh2 Bxh2 17. e4 Bg3 18. Kd1 Qf4 19. Be2 Qe3 20. Nf1 Qf2 21.
Bc3 Qxg2 0-1

[Event "39th Olympiad Women"]
[Site "Khanty-Mansiysk RUS"]
[Date "2010.10.03"]
[Round "11"]
[White "Milligan, Helen"]
[Black "Mazariego-K., Carolina"]
[Result "0-1"]
[WhiteTitle "WFM"]
[BlackTitle "WIM"]
[WhiteElo "2033"]
[BlackElo "2086"]
[Board "38.1"]
[WhiteTeam "NZL"]
[BlackTeam "GUA"]
[WhiteFideId "2401312"]
[BlackFideId "7300115"]
[EventDate "2010.09.21"]
[EventType "team"]

1. e4 e5 2. Nf3 Nc6 3. d4 exd4 4. Nxd4 Qh4 5. Be3 Qxe4 6. Nc3 Bb4 7. Nb5 Bxc3+
8. Nxc3 Qe7 9. Nd5 Qd8 10. Qg4 Kf8 11. O-O-O Nf6 12. Qg3 Nxd5 13. Rxd5 d6 14.
Bb5 h6 15. Kb1 Ne7 16. Rd2 Nf5 17. Qf3 Nxe3 18. Qxe3 Bd7 19. Bc4 Qf6 20. Rhd1
Bc6 21. f3 g6 22. Rd4 Re8 23. Qd2 Re7 24. a3 Kg7 25. h4 Rhe8 26. Rf4 Qe5 27. g4
a5 28. h5 b6 29. hxg6 fxg6 30. Rh1 d5 31. Bd3 Bd7 32. Qh2 Qg5 33. Ka2 c5 34. b3
Re1 35. Rxe1 Rxe1 36. Qd2 Qe5 37. c3 b5 38. Re4 dxe4 39. Qxe1 e3 40. Qe2 b4 41.
cxb4 cxb4 42. axb4 axb4 43. Kb1 Bc6 44. Bc4 h5 45. gxh5 gxh5 46. Qg2+ Kh6 47.
Bd3 Qf6 48. Qg8 Bxf3 49. Qh7+ Kg5 50. Qg8+ Kh4 51. Qc4+ Bg4 52. Qxb4 Qf2 53.
Qe7+ Kh3 54. Qe4 e2 55. Bxe2 Bxe2 56. b4 h4 57. Qe6+ Bg4 58. Qb3+ Qf3 59. Qc4
Qd1+ 60. Kb2 Qe2+ 0-1

[Event "39th Olympiad Women"]
[Site "Khanty-Mansiysk RUS"]
[Date "2010.10.03"]
[Round "11"]
[White "Mencos, Claudia"]
[Black "Maroroa, Sue"]
[Result "1/2-1/2"]
[BlackTitle "WIM"]
[WhiteElo "1912"]
[BlackElo "1981"]
[Board "38.2"]
[WhiteTeam "GUA"]
[BlackTeam "NZL"]
[WhiteFideId "7300573"]
[BlackFideId "4301498"]
[EventDate "2010.09.21"]
[EventType "team"]

1. e4 e5 2. Nf3 Nc6 3. Nc3 Nf6 4. Bb5 Bd6 5. O-O a6 6. Bxc6 dxc6 7. d4 Bg4 8.
dxe5 Bxf3 9. Qxf3 Bxe5 10. Bf4 Qe7 11. Bxe5 Qxe5 12. Qg3 Qxg3 13. hxg3 O-O-O 14.
Rad1 Rhe8 15. f3 Nd7 16. Kf2 Re6 17. f4 Rde8 18. Rfe1 Nc5 19. e5 Nd7 20. Ne2 c5
21. Nc3 f6 22. exf6 Nxf6 23. Rxe6 Rxe6 24. Kf3 b6 25. g4 h6 26. Ne2 Nxg4 27. Ng3
Nh2+ 28. Kf2 Ng4+ 29. Kf3 Nf6 30. Nf5 Ne8 31. g4 c6 32. b3 Kc7 33. a3 Kc8 1/2-1/2

[Event "39th Olympiad Women"]
[Site "Khanty-Mansiysk RUS"]
[Date "2010.10.03"]
[Round "11"]
[White "Chen, Eachen"]
[Black "Figueroa, Julissa"]
[Result "0-1"]
[WhiteTitle "WCM"]
[WhiteElo "1966"]
[BlackElo "1792"]
[Board "38.3"]
[WhiteTeam "NZL"]
[BlackTeam "GUA"]
[WhiteFideId "4301919"]
[BlackFideId "7300450"]
[EventDate "2010.09.21"]
[EventType "team"]

1. e4 c5 2. c3 d5 3. exd5 Qxd5 4. d4 Nf6 5. Nf3 Bg4 6. dxc5 Qxc5 7. Na3 a6 8.
Be3 Qc7 9. h3 Bh5 10. Nc4 Nbd7 11. g4 Bg6 12. g5 Nh5 13. Qd4 e6 14. O-O-O Bc5
15. Qg4 Bxe3+ 16. fxe3 O-O 17. Nh4 Ne5 18. Qd4 Nxc4 19. Bxc4 Rad8 20. Qg4 Qe5
21. Rde1 Be4 22. Rhg1 g6 23. Nf3 Bxf3 24. Qxf3 b5 25. Bb3 a5 26. Rd1 Rxd1+ 27.
Bxd1 b4 28. cxb4 axb4 29. Kb1 Ng7 30. Bc2 Qa5 31. Qb7 Nf5 32. Bxf5 Qxf5+ 33. e4
Qxh3 34. Qxb4 Qd3+ 35. Ka1 Qe3 36. Qe1 Qd4 37. Rh1 Rb8 38. Qe2 Rb4 39. Re1 Qe5
40. Qd2 Rd4 41. Qg2 Qf4 42. a3 Rd2 43. Qg1 Qe5 44. Qb6 Qxg5 45. Qb8+ Rd8 46. Qc7
Qd2 47. Rf1 Rd7 48. Qb8+ Rd8 49. Qc7 Qd7 50. Qf4 Qe7 51. Rc1 Qf8 52. Rc7 Qg7 53.
Rb7 Rf8 54. Ka2 g5 55. Qg3 h5 56. Rb5 f5 57. exf5 exf5 58. Qg2 h4 59. Rb7 Rf7
60. Rb6 Kh7 61. Qe2 Rf6 62. Qh5+ Kg8 63. Qe8+ Qf8 64. Qxf8+ Rxf8 65. Rg6+ Kh7
66. Rxg5 Kh6 67. Rg2 Kh5 68. Rg1 f4 69. b4 f3 70. b5 f2 71. Rf1 Kg4 72. a4 Kf3
73. b6 Kg2 74. Rb1 f1=Q 75. Rxf1 Kxf1 76. b7 Rb8 0-1

[Event "39th Olympiad Women"]
[Site "Khanty-Mansiysk RUS"]
[Date "2010.10.03"]
[Round "11"]
[White "Sotomayor Villatoro, Silvi"]
[Black "Fairley, Natasha"]
[Result "1/2-1/2"]
[BlackTitle "WFM"]
[WhiteElo "1777"]
[BlackElo "1777"]
[Board "38.4"]
[WhiteTeam "GUA"]
[BlackTeam "NZL"]
[WhiteFideId "7301057"]
[BlackFideId "4301439"]
[EventDate "2010.09.21"]
[EventType "team"]

1. d4 d5 2. e3 Nf6 3. Bd3 e6 4. c3 c5 5. f4 Nc6 6. Nf3 h6 7. Nbd2 Be7 8. O-O O-O
9. Ne5 cxd4 10. exd4 Bd6 11. Qe2 a6 12. Ndf3 Ne7 13. g4 Nh7 14. g5 hxg5 15. Nxg5
g6 16. h4 Nf5 17. Qg4 Nxg5 18. hxg5 Kg7 19. Bd2 Bxe5 20. fxe5 Rh8 21. Qg2 b5 22.
Kf2 Bb7 23. Rh1 Qd7 24. Rxh8 Rxh8 25. Rh1 Qc8 26. Rh3 Rxh3 27. Qxh3 Qh8 28.
Qxh8+ Kxh8 29. Bxf5 gxf5 30. Kf3 Kg7 31. Kf4 Kg6 32. Be1 Bc8 33. Bg3 1/2-1/2

[Event "39th Olympiad Women"]
[Site "Khanty-Mansiysk RUS"]
[Date "2010.10.03"]
[Round "11"]
[White "Greeff, Melissa"]
[Black "Vargas, Gabriela"]
[Result "1/2-1/2"]
[WhiteTitle "WGM"]
[BlackTitle "WFM"]
[WhiteElo "2079"]
[BlackElo "2085"]
[Board "39.1"]
[WhiteTeam "RSA"]
[BlackTeam "PAR"]
[WhiteFideId "14301504"]
[BlackFideId "3700860"]
[EventDate "2010.09.21"]
[EventType "team"]

1. e4 e6 2. d3 d5 3. Nd2 Nf6 4. Ngf3 Bc5 5. e5 Nfd7 6. g3 Bb6 7. Bg2 c5 8. O-O
Nc6 9. Re1 Bc7 10. Nb3 Ndxe5 11. Nxc5 O-O 12. d4 Nxf3+ 13. Bxf3 Qf6 14. c3 b6
15. Nd3 Ba6 16. h4 h6 17. Bf4 Bxd3 18. Bxc7 Bh7 19. Be5 Nxe5 20. dxe5 Qd8 21. c4
dxc4 22. Bxa8 Qxa8 23. Qg4 Qd5 24. Rad1 Bd3 25. Qf4 b5 26. Qe3 a5 27. g4 Rd8 28.
g5 h5 29. f4 g6 30. Kf2 Qa8 31. Rc1 a4 32. a3 Qb8 33. Red1 Rd5 34. Qe1 Rd4 35.
Kg3 Re4 36. Qg1 Qd8 37. Re1 Rd4 38. Rcd1 Qd5 39. Qe3 Qd8 40. Qg1 Rd5 41. Re3 Qa5
42. Qe1 Qb6 43. Rf3 Qd8 44. Re3 Rd4 45. Qf2 Rd5 46. Qe1 1/2-1/2

[Event "39th Olympiad Women"]
[Site "Khanty-Mansiysk RUS"]
[Date "2010.10.03"]
[Round "11"]
[White "Perez, Dalila"]
[Black "Solomons, Anzel"]
[Result "1/2-1/2"]
[BlackTitle "WIM"]
[WhiteElo "1684"]
[BlackElo "1932"]
[Board "39.2"]
[WhiteTeam "PAR"]
[BlackTeam "RSA"]
[WhiteFideId "3702014"]
[BlackFideId "14300800"]
[EventDate "2010.09.21"]
[EventType "team"]

1. d4 d5 2. c4 c6 3. Nc3 Nf6 4. Nf3 dxc4 5. a4 Bf5 6. Bf4 e6 7. e3 Bb4 8. Bxc4
Ne4 9. Qb3 a5 10. O-O Nd7 11. Rac1 Bxc3 12. bxc3 g5 13. Be5 Nxe5 14. Nxe5 Qe7
15. Rcd1 O-O 16. Bd3 Nd6 17. Qc2 Bxd3 18. Qxd3 f6 19. Nc4 Nxc4 20. Qxc4 Qd7 21.
h3 b5 22. Qa2 Rfb8 23. Rb1 Qd5 24. Qa3 Kf7 25. axb5 cxb5 26. Rfc1 b4 27. cxb4
axb4 28. Qd3 f5 29. Rc7+ Kg6 30. f3 Ra3 31. Qd2 b3 32. Rcc1 Qa5 33. Qxa5 Rxa5
34. Rb2 Ra2 35. Rcb1 Rxb2 36. Rxb2 Kf6 37. Kf2 h5 38. Ke2 g4 39. Kf2 gxh3 40.
gxh3 e5 41. d5 Kg5 42. Kg2 Kf6 43. e4 fxe4 44. fxe4 Ke7 45. Kg3 Kd6 46. Kh4 Kc5
47. Kxh5 Kc4 48. Kg6 Kc3 49. Rb1 Kc2 50. Rh1 b2 51. Kf6 Kd3 52. Kxe5 Re8+ 1/2-1/2

[Event "39th Olympiad Women"]
[Site "Khanty-Mansiysk RUS"]
[Date "2010.10.03"]
[Round "11"]
[White "Sischy, Monique Sian"]
[Black "Rojas, Montserrat"]
[Result "1-0"]
[WhiteTitle "WCM"]
[WhiteElo "1980"]
[BlackElo "1609"]
[Board "39.3"]
[WhiteTeam "RSA"]
[BlackTeam "PAR"]
[WhiteFideId "14301245"]
[BlackFideId "3701670"]
[EventDate "2010.09.21"]
[EventType "team"]

1. e4 c5 2. Nc3 d6 3. f4 Nc6 4. Nf3 g6 5. Bc4 Bg7 6. O-O a6 7. a4 e6 8. d3 Nge7
9. Qe1 b6 10. Kh1 Bb7 11. Ng5 h6 12. Nh3 Nd4 13. Qd1 Qd7 14. Nf2 h5 15. Be3 d5
16. Ba2 O-O-O 17. Rb1 Ndc6 18. Ne2 f5 19. c3 dxe4 20. dxe4 Qxd1 21. Rfxd1 e5 22.
Be6+ Kc7 23. fxe5 fxe4 24. Nxe4 Nxe5 25. Ng5 Rxd1+ 26. Rxd1 Rd8 27. Rxd8 Kxd8
28. Nf4 Bf6 29. Nh7 Bg7 30. a5 Kc7 31. axb6+ Kxb6 32. b4 Kb5 33. Bxc5 N5c6 34.
Ne2 a5 35. Bd7 Nd5 36. Bd4 Bxd4 37. Nxd4+ Kb6 38. Nxc6 Bxc6 39. bxa5+ Kc7 40.
Bxc6 Kxc6 41. Nf8 g5 42. Ne6 g4 43. Ng7 Nxc3 44. Nxh5 Nd5 45. Kg1 Kb5 46. Kf2
Kxa5 47. Ng7 Kb5 48. Nf5 Kc5 49. Kg3 Nf6 50. Ne3 Kd4 51. Nxg4 Nh5+ 52. Kh4 Nf4
53. g3 Ne2 54. Nf6 Ke5 55. Nh5 Kf5 56. g4+ Kg6 57. g5 Ng1 58. Kg4 1-0

[Event "39th Olympiad Women"]
[Site "Khanty-Mansiysk RUS"]
[Date "2010.10.03"]
[Round "11"]
[White "Alderete, Jazmin"]
[Black "Roos, Ezet"]
[Result "1-0"]
[BlackTitle "WFM"]
[WhiteElo "1568"]
[BlackElo "1817"]
[Board "39.4"]
[WhiteTeam "PAR"]
[BlackTeam "RSA"]
[WhiteFideId "3701697"]
[BlackFideId "14300729"]
[EventDate "2010.09.21"]
[EventType "team"]

1. d4 e6 2. Nf3 d5 3. e3 Nf6 4. Bd3 Be7 5. O-O O-O 6. Nbd2 Nbd7 7. e4 dxe4 8.
Nxe4 Nxe4 9. Bxe4 Nf6 10. Bd3 b6 11. Bf4 Bb7 12. c3 c5 13. dxc5 Bxc5 14. Qe2 Qe7
15. Rad1 Rfd8 16. Bc2 h6 17. Nd2 Nd5 18. Bg3 f5 19. Be5 Bd6 20. Rfe1 Nf4 21.
Bxf4 Bxf4 22. Bxf5 Qg5 23. Bxe6+ Kh8 24. Nf3 Qh5 25. h3 Re8 26. Nd4 Qg6 27. Qg4
Qf6 28. Qf5 Qh4 29. Bd5 Rf8 30. Qd7 Bc8 31. Qe7 Qxe7 32. Rxe7 Rb8 33. Ne6 Bxe6
34. Bxe6 a5 35. Rdd7 Rbd8 36. Rxg7 Rxd7 37. Rxd7 Re8 38. Bc4 Re1+ 39. Bf1 Rb1
40. g3 Be5 41. Rd2 Kg7 42. Kg2 Kf7 43. f4 Bf6 44. Bd3 Re1 45. Bc4+ Ke7 46. Re2+
Rxe2+ 47. Bxe2 Kd6 48. Kf3 Kd5 49. Ke3 Bg7 50. g4 Bf6 51. Kd3 Bh4 52. Bf3+ Kd6
53. Ke4 Ke6 54. Be2 Be7 55. Bc4+ Kf6 56. Kd5 Bc5 57. a3 Be3 58. Kc6 Bc1 59. Kxb6
Bxb2 60. Kxa5 Bxa3 61. Bd5 Bc1 62. f5 Bd2 63. Kb4 Ke5 64. Kc4 Be1 65. Be6 Bf2
66. Kb5 Kd6 67. Kc4 Ke5 68. Kd3 Bh4 69. Ke3 Be7 70. Kf3 Bh4 71. c4 Kd4 72. Kf4
Bf6 73. Kg3 Kc5 74. h4 Kd4 75. g5 hxg5 76. hxg5 Bxg5 77. Kg4 Be7 78. Kh5 Ke5 79.
Kg6 Bd8 80. c5 Kd4 81. c6 Ke5 82. Kf7 Kd6 83. Bd7 Bh4 84. f6 Kc7 85. Kg6 Kd8 86.
f7 Be7 87. Kg7 Kc7 88. f8=Q Bxf8+ 89. Kxf8 Kd8 90. Kf7 Kc7 91. Ke7 Kb6 92. Kd8
Ka7 93. c7 Kb6 94. c8=Q 1-0

[Event "39th Olympiad Women"]
[Site "Khanty-Mansiysk RUS"]
[Date "2010.10.03"]
[Round "11"]
[White "Mona, Khaled"]
[Black "Nur, Nabila Azman Hisham"]
[Result "0-1"]
[WhiteTitle "WGM"]
[BlackTitle "WCM"]
[WhiteElo "2103"]
[BlackElo "1829"]
[Board "40.2"]
[WhiteTeam "EGY"]
[BlackTeam "MAS"]
[WhiteFideId "10605908"]
[BlackFideId "5702135"]
[EventDate "2010.09.21"]
[EventType "team"]

1. d4 Nf6 2. Nf3 g6 3. Bf4 Bg7 4. c4 O-O 5. Nc3 c5 6. d5 d6 7. e4 Nbd7 8. h3 Nh5
9. Bd2 e5 10. dxe6 fxe6 11. Bg5 Qb6 12. Qd2 Ne5 13. Be2 Nf7 14. Bh4 Bh6 15. Qc2
Nf4 16. O-O Nxe2+ 17. Qxe2 Ne5 18. Nxe5 dxe5 19. Rad1 a6 20. Be7 Rf7 21. Bd6 Bg7
22. Na4 Qc6 23. Bxc5 Qxa4 24. Rd8+ Bf8 25. Qd2 Kg7 26. Bxf8+ Rxf8 27. Rxf8 Kxf8
28. f4 Qe8 29. fxe5+ Kg8 30. Rd1 b5 31. Qd6 Bb7 32. Qc7 Bc6 33. c5 Rc8 34. Qb6
Bxe4 35. b4 Bd5 36. a3 Qc6 37. Qa7 Re8 38. Rd2 Qa8 39. Qc7 Qb8 40. Qd7 Qc8 41.
Qa7 Rf8 42. Qb6 Rf5 43. Qd6 Qf8 44. Rd1 Rf2 45. Qxf8+ Rxf8 46. Rd3 Rf4 47. g4
Kf8 48. Re3 Ke7 49. Kh2 g5 50. Re1 Re4 51. Ra1 Rxe5 52. h4 Re2+ 53. Kh3 Re3+ 54.
Kh2 gxh4 55. a4 Bc6 56. axb5 Bxb5 57. Rb1 Rg3 58. g5 e5 59. Re1 Ke6 60. Re4 Rxg5
61. Rxh4 h5 62. Re4 Rg4 63. Re1 Rxb4 0-1

[Event "39th Olympiad Women"]
[Site "Khanty-Mansiysk RUS"]
[Date "2010.10.03"]
[Round "11"]
[White "Marmono, Roslina"]
[Black "Basta-Sohair, F."]
[Result "1/2-1/2"]
[BlackTitle "WIM"]
[WhiteElo "1933"]
[BlackElo "2030"]
[Board "40.3"]
[WhiteTeam "MAS"]
[BlackTeam "EGY"]
[WhiteFideId "5700701"]
[BlackFideId "10600175"]
[EventDate "2010.09.21"]
[EventType "team"]

1. d4 Nf6 2. c4 e6 3. Nc3 Bb4 4. Qc2 c5 5. e3 cxd4 6. exd4 Nc6 7. Nf3 O-O 8. Bd3
h6 9. O-O d5 10. c5 Bxc3 11. bxc3 Qc7 12. Re1 a6 13. h3 Bd7 14. Ne5 Ne7 15. Bf4
Qa5 16. Nxd7 Nxd7 17. Rab1 Ra7 18. Bd6 Re8 19. f4 Qd8 20. f5 exf5 21. Bxf5 Nxf5
22. Qxf5 Nf6 23. Rxe8+ Qxe8 24. Qe5 Qxe5 25. dxe5 Ne4 26. Rb3 Nxd6 27. exd6 Kf8
28. c4 dxc4 29. Re3 Ra8 30. Rc3 Ke8 31. Rxc4 Kd7 32. Kf2 Re8 33. Rc2 Re5 34. Kf3
g5 35. g4 Kc6 36. Kf2 Re4 37. Rd2 Kd7 38. Re2 Rc4 39. Re7+ Kd8 40. Rxb7 Rxc5 1/2-1/2

[Event "39th Olympiad Women"]
[Site "Khanty-Mansiysk RUS"]
[Date "2010.10.03"]
[Round "11"]
[White "Elgohary, Fayrouz"]
[Black "Fong, Mi Yen"]
[Result "0-1"]
[WhiteElo "1820"]
[BlackElo "1905"]
[Board "40.4"]
[WhiteTeam "EGY"]
[BlackTeam "MAS"]
[WhiteFideId "10605347"]
[BlackFideId "5703522"]
[EventDate "2010.09.21"]
[EventType "team"]

1. d4 g6 2. Nf3 Bg7 3. e4 d6 4. Nbd2 Nc6 5. c3 Nf6 6. Bd3 e5 7. O-O O-O 8. h3
Nh5 9. Nb3 h6 10. Be3 Qf6 11. Nc1 Kh7 12. Ne2 Bxh3 13. Ng3 Bg4 14. Nxh5 gxh5 15.
Be2 Rg8 16. dxe5 dxe5 17. Nh2 Rad8 18. Qc2 Qg6 19. Nxg4 hxg4 20. Rad1 Bf6 21.
Rxd8 Bxd8 22. g3 h5 23. Kg2 Rh8 24. Rh1 Kg7 25. Bd2 Ne7 26. Bd3 Qf6 27. Qd1 Ng6
28. Be3 a6 29. Bc2 Be7 30. Qe2 b5 31. a3 c5 32. Bd1 Nf4+ 33. gxf4 exf4 34. Bxf4
Qxf4 35. Qd3 Rd8 36. Qg3 Qxe4+ 0-1

[Event "39th Olympiad Women"]
[Site "Khanty-Mansiysk RUS"]
[Date "2010.10.03"]
[Round "11"]
[White "Perez, Eneida"]
[Black "Samaganova, Alexandra"]
[Result "1-0"]
[WhiteTitle "WFM"]
[WhiteElo "2099"]
[BlackElo "2080"]
[Board "41.1"]
[WhiteTeam "DOM"]
[BlackTeam "KGZ"]
[WhiteFideId "602795"]
[BlackFideId "13800221"]
[EventDate "2010.09.21"]
[EventType "team"]

1. d4 Nf6 2. e3 e6 3. Bd3 b6 4. f4 Bb7 5. Nf3 c5 6. c3 d6 7. O-O Nbd7 8. Qe2 Ne4
9. Nbd2 Nxd2 10. Bxd2 Be7 11. e4 Qc7 12. e5 g6 13. b4 d5 14. bxc5 bxc5 15. Rab1
Nb6 16. Ng5 c4 17. Bc2 Bxg5 18. fxg5 O-O-O 19. Qf2 Rdf8 20. Bc1 Qe7 21. Qf6 Re8
22. Qxe7 Rxe7 23. Ba3 Rd7 24. Bc5 Kc7 25. a4 Bc6 26. a5 Nc8 27. Rf2 Kd8 28. Bd1
h6 29. gxh6 Rxh6 30. Bc2 a6 31. Rb4 Bb5 32. Bd1 Na7 33. Bxa7 Rxa7 34. Rfb2 Kc7
35. Ba4 Bxa4 36. Rxa4 Rh8 37. Rab4 Rf8 38. Rb6 Rd8 39. Kf2 Rd7 40. Kg3 Kd8 41.
Kf4 Ke7 42. Kg5 Ra8 43. g4 Rc7 44. h4 Rd7 45. Rb7 Ra7 46. Rxd7+ Rxd7 47. Rb6 Ra7
48. h5 gxh5 49. gxh5 Ra8 50. Rb7+ Kf8 51. Kf6 Kg8 52. Rxf7 Rb8 53. Rg7+ Kh8 54.
Rg3 Kh7 55. Kxe6 Rd8 56. Rg6 Kh8 57. Ke7 1-0

[Event "39th Olympiad Women"]
[Site "Khanty-Mansiysk RUS"]
[Date "2010.10.03"]
[Round "11"]
[White "Ostry, Irina"]
[Black "Jose Polanco, Kenia"]
[Result "1/2-1/2"]
[WhiteTitle "WIM"]
[WhiteElo "2197"]
[BlackElo "1997"]
[Board "41.2"]
[WhiteTeam "KGZ"]
[BlackTeam "DOM"]
[WhiteFideId "13800060"]
[BlackFideId "6401074"]
[EventDate "2010.09.21"]
[EventType "team"]

1. Nf3 Nf6 2. g3 d5 3. Bg2 c6 4. c4 Bf5 5. O-O e6 6. b3 Nbd7 7. Bb2 Be7 8. d3 h6
9. Ne5 Nxe5 10. Bxe5 O-O 11. Nd2 Nd7 12. Bb2 Bf6 13. Bxf6 Qxf6 14. b4 dxc4 15.
Nxc4 e5 16. Qd2 Qe6 17. Na5 Rab8 18. Rfc1 Nf6 19. a3 e4 20. dxe4 Bxe4 21. f3
Rfd8 22. Qf4 Bg6 23. e4 Nd7 24. Qe3 Nb6 25. Rd1 Rd7 26. Rd2 Rxd2 27. Qxd2 Nc4
28. Nxc4 Qxc4 29. Qd6 Rf8 30. Rd1 Qa6 31. h4 Qxa3 32. Qe7 a5 33. Rd8 Rxd8 34.
Qxd8+ Kh7 35. Qxa5 Qe3+ 36. Kh2 b6 37. Qe5 f6 38. Qc7 Bh5 39. g4 Be8 40. h5 Qd4
41. f4 Qf2 42. f5 Qh4+ 43. Bh3 Qf2+ 44. Bg2 Kh8 1/2-1/2

[Event "39th Olympiad Women"]
[Site "Khanty-Mansiysk RUS"]
[Date "2010.10.03"]
[Round "11"]
[White "Hazim, Elizabeth"]
[Black "Tilenbaev, Baktygul"]
[Result "0-1"]
[WhiteElo "1858"]
[BlackElo "1944"]
[Board "41.3"]
[WhiteTeam "DOM"]
[BlackTeam "KGZ"]
[WhiteFideId "6400183"]
[BlackFideId "13800639"]
[EventDate "2010.09.21"]
[EventType "team"]

1. e4 e5 2. Bc4 Nf6 3. d3 Be7 4. Nf3 c6 5. O-O d6 6. c3 O-O 7. Bb3 Bg4 8. Nbd2
Nbd7 9. Re1 Nc5 10. Bc2 Ne6 11. Nf1 Nf4 12. Ne3 Qd7 13. Nxg4 Qxg4 14. g3 Nh3+
15. Kg2 Qd7 16. Ng1 Nxg1 17. Kxg1 Qh3 18. Qf3 Nd7 19. d4 exd4 20. cxd4 c5 21.
Be3 cxd4 22. Bxd4 Ne5 23. Qe2 Rac8 24. Rac1 Rc6 25. Ba4 Ra6 26. Bb3 Bf6 27. Red1
Ng4 28. f3 Bxd4+ 29. Rxd4 Ne5 30. Rcd1 Qh6 31. Kg2 Rd8 32. f4 Nc6 33. Rd5 Na5
34. Bc2 Nc6 35. a3 Qe6 36. Bd3 Rb6 37. Bc4 Ne7 38. R5d2 Qg6 39. Bd3 Qf6 40. e5
Qe6 41. exd6 Qxe2+ 42. Bxe2 Nf5 43. Kf2 Nxd6 44. Bf3 Kf8 45. Re1 Ne4+ 46. Rxe4
Rxd2+ 47. Ke3 Rdxb2 48. Ra4 a6 49. Rd4 Re6+ 50. Re4 Rxe4+ 51. Bxe4 b5 0-1